00659nam a2200205 i 4500001000300000100002000003245004900023260004800072300002100120490008000141504001400221650003300235700001600268830008000284020001500364040000800379041000800387080001700395008004100412bg1 aBUSCHA, Joachim10aDer Infinitiv /cJoachim Buscha, Irene Zoch. aLeipzig :bVeb Verl. Enzyklopädie,c1988. a126 s. ;c22 cm.1 aZur Theorie und Praxis des Deutschunterrichts für Ausländer,x0232-380X aBibliogr. 9aJęzyk niemieckixgramatyka1 aZOCH, Irene aZur Theorie und Praxis des Deutschunterrichts für Ausländer,x0232-380X a3324003091 cBPK0 ager a811.112.2'36 s pl f |000 0 pol